000
00310nam a22001337a 4500
008
180220b xxu||||| |||| 00| 0 eng d
020
_a
0442210426
041
_a
eng
080
_a
72
100
_a
41
101
_a
ARK
245
_a
Design& layout of foodservice facilities
_c
Birchfield,J.C
942
_2
udc
_c
BK
999
_c
42869
_d
42869